| 000 | 02259cam a2200373 i 4500 | ||
|---|---|---|---|
| 001 | 19059336 | ||
| 003 | NUST | ||
| 005 | 20220307153345.0 | ||
| 008 | 160418t20172017fluab b 001 0 eng | ||
| 010 | _a 2016016904 | ||
| 020 | _a9781498721868 (hardcover : alk. paper) | ||
| 038 | _aSAIF | ||
| 040 |
_aDLC _beng _erda _cDLC |
||
| 042 | _apcc | ||
| 043 | _ae------ | ||
| 050 | 0 | 0 |
_aHE242.A2 _bI57 2016 |
| 082 | 0 | 0 |
_a388.312094 PAG _221 |
| 245 | 0 | 0 |
_aIntelligent transportation systems: _bfrom good practices to standards / _ceditor, Paolo Pagano. |
| 264 | 1 |
_aBoca Raton : _bCRC Press/Taylor & Francis Group, _c[2017] |
|
| 264 | 4 | _c©2017 | |
| 300 |
_a195 pages : _billustrations some color, maps some color ; _c24 cm |
||
| 336 |
_atext _2rdacontent |
||
| 337 |
_aunmediated _2rdamedia |
||
| 338 |
_avolume _2rdacarrier |
||
| 504 | _aIncludes bibliographical references and index. | ||
| 505 | 0 | _aPreface -- Development of an ITs-G5 station, from the physical to the Mac Layer / João Almeida, Joaquim Ferreira and Arnaldo S.R. Oliveira -- When buses become smart : the obit experience / Matteo Petracca, Luca Maggiani, Stefano Bocchino Claudio Salvadori and Luciano Niccolai -- Data management and data sharing in field operational tests / Yvonne Barnard, Sami Koskinen, Satu Innamaa, Helena Gellerman, Erik Svanberg, Adrian Zlocki and Haibo Chen -- Design, implementation and field trail of DSRC-based transit signal priority system / Dr. Andy Jeng -- Toward smart connected cars / François Marmoiton and Morgan Slade -- Tolling systems : towards a global set of standards / Fausto Caneschi -- Cooperative its : the SDO perspective for early deployment / Hans-Joachim Fischer -- Probe vehicle information systems / Masaaki SATO, Manabu Tsukada, Hiroshi Ito -- Complex infrastructures : the benefit of its services in seaports / Paolo Pagano and Mariano Falcitelli -- Index. | |
| 563 | _aH.B | ||
| 650 | 0 |
_aTransportation _zEurope _xPlanning. _990402 |
|
| 650 | 0 |
_aIntelligent transportation systems _zEurope. _990403 |
|
| 700 | 1 |
_aPagano, Paolo, _eeditor. _990404 |
|
| 906 |
_a7 _bcbc _corignew _d1 _eecip _f20 _gy-gencatlg |
||
| 942 |
_2ddc _cBK |
||
| 999 |
_c588639 _d588639 |
||